Les médailles "en chocolat" des JO de Paris - Statistiques

Statistiques générales
  • Ce quiz a été pris 13 fois
  • Le résultat moyen est 81 sur 120
Statistiques - réponses
Hint Réponse Clt réél Clt avec 4e % Correct
Sans les médailles en chocolat et avec Océanie 63 Australie 5 5
100%
4èmes places Océanie 10 Australie
100%
Sans les médailles en chocolat et avec Asie 100 Chine 2 2
100%
4èmes places Asie 9 Chine
100%
Sans les médailles en chocolat et avec Amérique 145 Etats-Unis 1 1
100%
4èmes places Amérique 19 Etats-Unis
100%
Sans les médailles en chocolat et avec Europe 77 France 4 4
100%
4èmes places Europe 13 France
100%
Sans les médailles en chocolat et avec Europe 45 Allemagne 9 9
92%
4èmes places Europe 12 Allemagne
92%
Sans les médailles en chocolat et avec Europe 18 Belgique 21 16
92%
4èmes places Europe 8 Belgique
92%
Sans les médailles en chocolat et avec Europe 27 Espagne 15 12
92%
4èmes places Europe 9 Espagne
92%
Sans les médailles en chocolat et avec Europe 59 Italie 7 6
92%
4èmes places Europe 19 Italie
92%
Sans les médailles en chocolat et avec Europe 48 Pays-Bas 8 8
92%
4èmes places Europe 14 Pays-Bas
92%
Sans les médailles en chocolat et avec Europe 81 Royaume-Uni 3 3
92%
4èmes places Europe 16 Royaume-Uni
92%
Sans les médailles en chocolat et avec Amérique 26 Brésil 12 14
83%
4èmes places Amérique 6 Brésil
83%
Sans les médailles en chocolat et avec Amérique 40 Canada 11 10
83%
4èmes places Amérique 13 Canada
83%
Sans les médailles en chocolat et avec Asie 39 Corée-du-Sud 10 11
83%
4èmes places Asie 7 Corée-du-Sud
83%
Sans les médailles en chocolat et avec Europe 13 Danemark 23 21
83%
4èmes places Europe 4 Danemark
83%
Sans les médailles en chocolat et avec Europe 27 Hongrie 14 12
83%
4èmes places Europe 8 Hongrie
83%
Sans les médailles en chocolat et avec Asie 12 Inde 38 25
83%
4èmes places Asie 6 Inde
83%
Sans les médailles en chocolat et avec Asie 51 Japon 6 7
83%
4èmes places Asie 6 Japon
83%
Sans les médailles en chocolat et avec Europe 12 Norvège 26 25
83%
4èmes places Europe 4 Norvège
83%
Sans les médailles en chocolat et avec Océanie 26 Nouvelle-Zélande 12 14
83%
4èmes places Océanie 6 Nouvelle-Zélande
83%
Sans les médailles en chocolat et avec Europe 7 Slovénie 57 35
83%
4èmes places Europe 3 Slovénie
83%
Sans les médailles en chocolat et avec Europe 13 Suède 19 21
83%
4èmes places Europe 2 Suède
83%
Sans les médailles en chocolat et avec Afrique 5 Ethiopie 49 50
75%
4èmes places Afrique 1 Ethiopie
75%
Sans les médailles en chocolat et avec Asie 4 Indonésie 57 55
75%
4èmes places Asie 1 Indonésie
75%
Sans les médailles en chocolat et avec Europe 10 Irlande 30 29
75%
4èmes places Europe 3 Irlande
75%
Sans les médailles en chocolat et avec Europe 4 Portugal 49 57
75%
Sans les médailles en chocolat et avec Europe 12 Roumanie 23 25
75%
4èmes places Europe 3 Roumanie
75%
4èmes places Europe 3 Slovaquie
75%
Sans les médailles en chocolat et avec Europe 15 Suisse 26 17
75%
4èmes places Europe 7 Suisse
75%
Sans les médailles en chocolat et avec Afrique 7 Afrique-du-Sud 38 35
67%
4èmes places Afrique 1 Afrique-du-Sud
67%
Sans les médailles en chocolat et avec Afrique 3 Algérie 57 59
67%
Sans les médailles en chocolat et avec Amérique 3 Argentine 57 59
67%
Sans les médailles en chocolat et avec Europe 6 Autriche 44 45
67%
4èmes places Europe 1 Autriche
67%
4èmes places Europe 3 Estonie
67%
Sans les médailles en chocolat et avec Europe 9 Grèce 26 32
67%
4èmes places Europe 1 Grèce
67%
Sans les médailles en chocolat et avec Asie 15 Iran 17 17
67%
4èmes places Asie 3 Iran
67%
Sans les médailles en chocolat et avec Asie/Europe 7 Kazakhstan 30 35
67%
Sans les médailles en chocolat et avec Afrique 13 Kenya 19 21
67%
4èmes places Afrique 2 Kenya
67%
Sans les médailles en chocolat et avec Amérique 7 Mexique 44 35
67%
4èmes places Amérique 2 Mexique
67%
Sans les médailles en chocolat et avec Europe 14 Pologne 21 19
67%
4èmes places Europe 4 Pologne
67%
Sans les médailles en chocolat et avec Europe 5 Serbie 44 50
67%
Sans les médailles en chocolat et avec Europe 8 Bulgarie 30 33
58%
4èmes places Europe 1 Bulgarie
58%
Sans les médailles en chocolat et avec Amérique 6 Colombie 49 45
58%
4èmes places Amérique 2 Colombie
58%
Sans les médailles en chocolat et avec Europe 8 Croatie 30 33
58%
4èmes places Europe 1 Croatie
58%
Sans les médailles en chocolat et avec Amérique 10 Cuba 23 29
58%
4èmes places Amérique 1 Cuba
58%
Sans les médailles en chocolat et avec Amérique 7 Jamaïque 38 35
58%
4èmes places Amérique 1 Jamaïque
58%
4èmes places Europe 1 Lettonie
58%
Sans les médailles en chocolat et avec Europe 4 Lituanie 49 55
58%
Sans les médailles en chocolat et avec Asie 13 Ouzbékistan 16 21
58%
Sans les médailles en chocolat et avec Europe 11 Tchéquie 44 28
58%
4èmes places Europe 6 Tchéquie
58%
Sans les médailles en chocolat et avec Asie 6 Thaïlande 38 45
58%
Sans les médailles en chocolat et avec Asie/Europe 10 Turquie 26 29
58%
4èmes places Asie/Europe 2 Turquie
58%
Sans les médailles en chocolat et avec Europe 14 Ukraine 17 19
58%
4èmes places Europe 2 Ukraine
58%
Sans les médailles en chocolat et avec Asie 5 Arménie 49 50
50%
4èmes places Asie 1 Arménie
50%
4èmes places Europe 1 Chypre
50%
Sans les médailles en chocolat et avec Asie 7 Corée-du-Nord 38 35
50%
4èmes places Asie 1 Corée-du-Nord
50%
4èmes places Afrique 2 Egypte
50%
Sans les médailles en chocolat et avec Asie 7 Israël 30 35
50%
Sans les médailles en chocolat et avec Asie/Europe 7 Azerbaïdjan 30 35
42%
Sans les médailles en chocolat et avec Europe 5 Moldavie 49 50
42%
4èmes places Europe 1 Moldavie
42%
Sans les médailles en chocolat et avec Asie 5 Philippines 49 50
42%
4èmes places Asie 1 Philippines
42%
4èmes places Asie 1 Qatar
42%
Sans les médailles en chocolat et avec Asie 7 Taïwan 30 35
42%
4èmes places Afrique 2 Tunisie
42%
4èmes places Amérique 1 Venezuela
42%
Sans les médailles en chocolat et avec Amérique 6 Equateur 44 45
33%
4èmes places Amérique 1 Equateur
33%
Sans les médailles en chocolat et avec Asie/Europe 7 Géorgie 30 35
33%
Sans les médailles en chocolat et avec Asie 6 Kirghizistan 38 45
33%
4èmes places Asie 2 Malaisie
33%
4èmes places Amérique 3 Pérou
33%
Sans les médailles en chocolat et avec Asie 4 Bahreïn 49 55
25%
4èmes places Asie 1 Vietnam
25%
4èmes places Amérique 1 Trinité-et-Tobago
17%
4èmes places Amérique 1 Costa Rica
8%
4èmes places Amérique 1 Saint-Vincent-et-les-Grenadines
0%
Aucun quiz correspondant
Distribution des résultats
% des personnes avec chaque résultat
Percentile par nombre de réponses
Votre historique - résultats
Vous n’avez pas pris ce quiz